<?xml version="1.0" encoding="UTF-8"?>
<record
    xmlns:xsi="http://www.w3.org/2001/XMLSchema-instance"
    xsi:schemaLocation="http://www.loc.gov/MARC21/slim http://www.loc.gov/standards/marcxml/schema/MARC21slim.xsd"
    xmlns="http://www.loc.gov/MARC21/slim">

  <leader>02095nam a2200229 a 4500</leader>
  <controlfield tag="003">DO-SdBNP</controlfield>
  <controlfield tag="005">20260305074000.0</controlfield>
  <controlfield tag="007">ta</controlfield>
  <controlfield tag="008">221205e2020    dr ao||gr|||| 001 edspa d</controlfield>
  <datafield tag="020" ind1=" " ind2=" ">
    <subfield code="a">9789945090604</subfield>
  </datafield>
  <datafield tag="040" ind1=" " ind2=" ">
    <subfield code="a">DO-SdBNP</subfield>
    <subfield code="b">spa</subfield>
    <subfield code="c">BNPHU</subfield>
  </datafield>
  <datafield tag="082" ind1=" " ind2="4">
    <subfield code="2">22</subfield>
    <subfield code="b">J62B</subfield>
  </datafield>
  <datafield tag="245" ind1="0" ind2="0">
    <subfield code="a">Joaqu&#xED;n Balaguer: </subfield>
    <subfield code="b">conferencia universidad de Santo Domingo (1958) y otros textos. /</subfield>
    <subfield code="c">Compilaci&#xF3;n, pr&#xF3;logo y notas de C&#xE1;ndido Ger&#xF3;n.</subfield>
  </datafield>
  <datafield tag="260" ind1=" " ind2=" ">
    <subfield code="a">Santo Domingo :</subfield>
    <subfield code="b">Corripio,</subfield>
    <subfield code="c">2020</subfield>
  </datafield>
  <datafield tag="300" ind1=" " ind2=" ">
    <subfield code="a">350 p. :</subfield>
    <subfield code="b">il., fots., </subfield>
    <subfield code="c">23 cm.</subfield>
  </datafield>
  <datafield tag="500" ind1=" " ind2=" ">
    <subfield code="a">Incluye &#xED;ndice onom&#xE1;stico, p. 345 - 350</subfield>
  </datafield>
  <datafield tag="505" ind1=" " ind2=" ">
    <subfield code="a">Pr&#xF3;logo.</subfield>
    <subfield code="g">CONFERENCIAS.</subfield>
    <subfield code="t">Dios y Trujillo. Una interpretaci&#xF3;n realista de la Historia Dominicana.--</subfield>
    <subfield code="t">Discurso de contestaci&#xF3;n.--</subfield>
    <subfield code="t">Conferencia dictada en la Universidad de Santo Domingo (1958).-- </subfield>
    <subfield code="t">Conferencia del Secretario Balaguer en al Ateneo Dominicano.--</subfield>
    <subfield code="t">Vida, muerte y resurrecci&#xF3;n de los libros.--</subfield>
    <subfield code="t">Atacar a Trujillo es atacar a su pueblo, Secretario Balaguer.--</subfield>
    <subfield code="g">DISCURSOS.</subfield>
    <subfield code="t">Discurso pronunciado por el Secretario de Educaci&#xF3;n Dr. Balaguer en S. P. Macor&#xED;s</subfield>
    <subfield code="t">Balaguer fija posici&#xF3;n de Secretar&#xED;a frente a problemas de Alfabetizaci&#xF3;n.--</subfield>
    <subfield code="t">M&#xE9;todo mu&#xE9;strase hostil al m&#xE9;todo Global- Balaguer.--</subfield>
    <subfield code="g">OTROS TEXTOS.</subfield>
    <subfield code="t">Balaguer califica el Triunvirato abanderado de la subversi&#xF3;n.-- </subfield>
    <subfield code="t">Discurso doctor Balaguer en Barahona.--</subfield>
    <subfield code="t">Discurso doctor Balague, 1966.--</subfield>
    <subfield code="t">Alocuci&#xF3;n del doctor Balaguer a la naci&#xF3;n I.--</subfield>
    <subfield code="t">Alocuci&#xF3;n del doctor Balaguer a la naci&#xF3;n II.--</subfield>
    <subfield code="t">Carta de Fabio Mella y Federico Tejada a Balaguer.--</subfield>
    <subfield code="t">Alocuci&#xF3;n del doctor Balaguer a la naci&#xF3;n III.--</subfield>
    <subfield code="t">Alocuci&#xF3;n del doctor Balaguer a la naci&#xF3;n IV.--</subfield>
    <subfield code="t">Alocuci&#xF3;n del doctor Balaguer a la naci&#xF3;n V.--</subfield>
    <subfield code="t">Balaguer reitera decisi&#xF3;n.--</subfield>
    <subfield code="t">Balaguer pronuncia discurso en Moca, 1966.--</subfield>
    <subfield code="t">Discurso del doctor Balaguer, mayo  de 1966</subfield>
    <subfield code="t">Discurso de toma de posesi&#xF3;n de Balaguer, 1966</subfield>
    <subfield code="t">Decreto n&#xFA;m. 15 de 4 de julio de 1966, que rebaja los sueldos a los funcionarios p&#xFA;blicos.--</subfield>
    <subfield code="t">&#xCD;ndice onom&#xE1;stico.</subfield>
  </datafield>
  <datafield tag="590" ind1=" " ind2=" ">
    <subfield code="a">Inventariado 2022 / MF</subfield>
  </datafield>
  <datafield tag="700" ind1="1" ind2=" ">
    <subfield code="a">Ger&#xF3;n, Candido,</subfield>
    <subfield code="d">1948-</subfield>
    <subfield code="e">comp.</subfield>
    <subfield code="9">3577</subfield>
  </datafield>
  <datafield tag="910" ind1=" " ind2=" ">
    <subfield code="a">MFeliz</subfield>
  </datafield>
  <datafield tag="942" ind1=" " ind2=" ">
    <subfield code="2">ddc</subfield>
    <subfield code="c">LBS1</subfield>
  </datafield>
  <datafield tag="952" ind1=" " ind2=" ">
    <subfield code="0">0</subfield>
    <subfield code="1">0</subfield>
    <subfield code="2">ddc</subfield>
    <subfield code="5">1</subfield>
    <subfield code="7">0</subfield>
    <subfield code="8">PD</subfield>
    <subfield code="a">BNPHU</subfield>
    <subfield code="b">BNPHU</subfield>
    <subfield code="c">CT</subfield>
    <subfield code="d">2022-05-19</subfield>
    <subfield code="e">Donado por Ubi Rivas</subfield>
    <subfield code="l">0</subfield>
    <subfield code="o">J62B</subfield>
    <subfield code="p">2022-5869</subfield>
    <subfield code="r">2022-12-05</subfield>
    <subfield code="w">2022-12-05</subfield>
    <subfield code="y">LBS1</subfield>
  </datafield>
  <datafield tag="999" ind1=" " ind2=" ">
    <subfield code="c">53058</subfield>
    <subfield code="d">53058</subfield>
  </datafield>
</record>
